| 000 | 00868cab a2200241 4500 | ||
|---|---|---|---|
| 001 | ABS56770 | ||
| 008 | 090401t1997 xxu||||| |||| 00| 0 eng d | ||
| 035 | _a(Sirsi) u77408 | ||
| 041 | _aeng | ||
| 100 | _aDawson, M. | ||
| 245 | 4 | _aThe plain English lease - does it enlighten or mislead the client? | |
| 260 | _c1997 | ||
| 350 | _a0 | ||
| 490 |
_aRent Review & Lease Renewal _v17(1) 1997, 20-26(6) |
||
| 520 | _aConsiders "Commercial Property Leases in England and Wales - Code of Practice" in particular the section dealing with the use of plain English in leases. | ||
| 650 | _aCOMMERCIAL LEASES | ||
| 650 | _aCOMMERCIAL PROPERTY LEASES IN ENGLAND AND WALES - CODE OF PRACTICE | ||
| 650 | _aPLAIN ENGLISH CAMPAIGN | ||
| 690 | _aMANAGEMENT-BUSINESS MANAGEMENT-PROFESSIONAL PRACTICE | ||
| 700 | _aMidgley-Hunt, J. | ||
| 942 | _n0 | ||
| 948 | _c26/03/1997 | ||
| 999 |
_c48664 _d48664 |
||